Jesus and the Victory of God (Record no. 19091)

MARC details
000 -LEADER
fixed length control field 00540nam a2200229 a 4500
020 ## - INTERNATIONAL STANDARD BOOK NUMBER
ISBN
082 00 - DEWEY DECIMAL CLASSIFICATION NUMBER
Classification number 231
Author Cutter WRI
100 ## - MAIN ENTRY--AUTHOR NAME
Author name Wright, N T
245 ## - TITLE STATEMENT
Title Jesus and the Victory of God
260 ## - PUBLICATION, DISTRIBUTION, ETC. (IMPRINT)
Place of publication No Pleace
Name of publisher No Pleace
Year of publication 2000
300 ## - PHYSICAL DESCRIPTION
Number of Pages 00p
500 ## - GENERAL NOTE
General note includes index and biblioraphy
650 ## - SUBJECT ADDED ENTRY--TOPICAL TERM
Topical Term God-Christianity
942 ## - ADDED ENTRY ELEMENTS (KOHA)
Koha item type Books
700 1# -
-- Wright, N T
Holdings
Home library Current library Date acquired Cost, normal purchase price Full call number Accession Number Koha item type
Henry Martyn Institute Library Henry Martyn Institute Library 06/30/2008 100.00 231 WRI 11001873 Books
                   Copyright © 2026 | Henry Martyn Institute | Hyderabad | TS-500052 | INDIA | Implemented by hmi.edu.in
Hit-Count:

Powered by Koha